Thiết kế vi mạch CMOS VLSI : ( Tin học và đời sống )
Sách bao gồm 4 chương: Chương 1 trình bày tổng quan về việc thiết kế vi mạch CMOS VLSI; Chương 2 đề cập đến những lý thuyết liên quan đến transistor MOS bao gồm cả các hiệu ứng thứ cấp và mô hình; Chương 3 trình bày về công nghệ chế tạo...
Đã lưu trong:
| 主要作者: | |
|---|---|
| 格式: | 圖書 |
| 語言: | Undetermined |
| 出版: |
Thành phố Hồ Chí Minh
Phương Đông
2007
|
| 主題: | |
| 標簽: |
添加標簽
沒有標簽, 成為第一個標記此記錄!
|
| Thư viện lưu trữ: | Trung tâm Học liệu Trường Đại học Cần Thơ |
|---|
| LEADER | 01267nam a2200217Ia 4500 | ||
|---|---|---|---|
| 001 | CTU_129426 | ||
| 008 | 210402s9999 xx 000 0 und d | ||
| 020 | |c 66000 | ||
| 082 | |a 621.395 | ||
| 082 | |b O.429/T.1 | ||
| 100 | |a Tống, Văn On | ||
| 245 | 0 | |a Thiết kế vi mạch CMOS VLSI : | |
| 245 | 0 | |b ( Tin học và đời sống ) | |
| 245 | 0 | |c Tống Văn On ( Chủ biên ) | |
| 260 | |a Thành phố Hồ Chí Minh | ||
| 260 | |b Phương Đông | ||
| 260 | |c 2007 | ||
| 520 | |a Sách bao gồm 4 chương: Chương 1 trình bày tổng quan về việc thiết kế vi mạch CMOS VLSI; Chương 2 đề cập đến những lý thuyết liên quan đến transistor MOS bao gồm cả các hiệu ứng thứ cấp và mô hình; Chương 3 trình bày về công nghệ chế tạo vi mạch CMOS VLSI; Chương 4 cung cấp cho người đọc kiến thức để mô tả mạch và ước tính hiệu suất của mạch thiết kế được. | ||
| 650 | |a Digital integrated circuits,Metal oxide semiconductors, complementary,Vi mạch bán dẫn | ||
| 904 | |i Giang | ||
| 980 | |a Trung tâm Học liệu Trường Đại học Cần Thơ | ||